| 000 | 00777nam a2200241Ia 4500 | ||
|---|---|---|---|
| 003 | GCL | ||
| 008 | 140319s9999 xx 000 0 ara d | ||
| 040 |
_aGCL / _cGCL |
||
| 082 | 0 | 4 |
_a370.156 _bس هـ |
| 100 | 1 | _aسعيد اسماعيل على | |
| 245 | 1 | 0 |
_aهموم التعليم المصرى / _cسعيد اسماعيل على |
| 260 |
_aبيروت : _bلجنة الاعلام والدراسات المستقبلية ، _c1989 |
||
| 300 |
_a317 ص ؛ _c24 سم |
||
| 490 | _a | ||
| 650 | 0 | 4 | _aالفلسفة |
| 650 | 0 | 4 | _aالتعليم |
| 650 | 0 | 4 | _aالتربية |
| 650 | 0 | 4 | _aالتعليم العالى |
| 650 | 0 | 4 | _aالتعليم الجامعى |
| 650 | 0 | 4 | _aالتعليم الثانوى |
| 650 | 0 | 4 | _aالبحوث التربوية |
| 942 |
_2ddc _cBK |
||
| 999 |
_c28461 _d28461 |
||